02488nam a2200421 a 450000100060000000300090000600800410001502000180005604000280007404100080010209000120011010000260012224501080014825000110025626000420026730000270030965000280033665000300036465000290039465000290042365000280045265000270048070000320050770000270053994200120056699900150057895201270059395201310072095201300085195201450098195201520112695201280127895201370140695201190154395201520166295201290181495201230194324983CO-ViMGA141112s2004 ck r 000 u spa d a9789588787015 aCO-ViMGAbspacCO-ViMGA aSPA aC MAC121 aMacDonald, Amy93779910aEl pequeño castor / cAmy MacDonald ; ilustracionres Sarah Fox - Davies ; traducción Cristina Giner a1a ed. aBogotá : bING ; Monserrate, c2012 a24 p. : il. col. : il.14aAMISTAD - CUENTO 9234914aCASTORES - CUENTO 93780014aDESDE LOS 6 AÑOS9235114aSOLEDAD - CUENTO 93780114aSONIDO - CUENTO 93780214aVIAJES - CUENTO 925231 aFox - davies, Sarah 9378031 aGiner, Cristina937804 2ddccBK c2586d2586 00102ddc40708GENaMESGUARObMESGUAROcSInfd2023-02-15oC MAC12pSG00039r2023-02-15 00:00:00tEj.1w2023-02-15yBKINF 00102ddc40708INFaMECUBARRbMECUBARRcSInfd2023-07-21l0oC MAC12pCUB00710r2023-07-21 15:54:40tEj.1w2023-07-21yBKINF 00102ddc40708GENaMESMARTIbMESMARTIcSInfd2023-08-24l0oC MAC12pSM02729r2023-08-24 16:50:58tEj.1w2023-08-24yBKINF 00102ddc40708008aMEVIECARbMEVIECARd2015-12-04h16/abr/2013l1oC MAC12p25856r2019-05-10 00:00:00s2019-05-09tEj. 1w2015-12-04yBK 00102ddc40708INFaMESJUANIbMESJUANIcSInfd2024-01-25l1oC MAC12pSJU00406q2026-03-17r2026-03-03 16:45:33s2026-03-03tEj.1w2024-01-25yBK 00102ddc40708INFaMECASTILbMECASTILcSInfd2024-05-15l0o C MAC12pEC01691r2024-05-15 17:18:31tEj.1w2024-05-15yBK 001040708InfPoTiaMEVIGERRbMEVIGERRcSInfd2013-03-04oC MACpECA21834r2024-11-26 09:36:38tEj.1w2024-11-26yBKz16380 | 21167 00102ddc40708INFaMEPLOPEZbMEPLOPEZcSInfd2025-05-09l0pPLZ00942r2025-05-09 14:28:23tEj.1w2025-05-09yBK 00102ddc40708INFaMEMACYARIbMEMACYARIcSInfd2024-11-08eministerio de culturafBPM'664l0pBPM'664r2025-06-03 16:54:37tEj.1w2025-06-03yBK 00102ddc40708INFaMEURIBEbMEURIBEcSInfd2025-07-24l0oC MAC12pURI03065r2025-07-24 09:35:47tEj.1w2025-07-24yBKINF 00102ddc4070aMESARAMAbMESARAMAcSInfd2026-03-02l0oC MAC12pSJA01468r2026-03-02 15:25:19tEj.1w2026-03-02yBK